Mind tools : The five levels of mathematical reality
Đã lưu trong:
| 主要作者: | |
|---|---|
| 格式: | 图书 |
| 语言: | Undetermined |
| 出版: |
New York
Penguin Books
1987
|
| 主题: | |
| 标签: |
添加标签
没有标签, 成为第一个标记此记录!
|
| Thư viện lưu trữ: | Trung tâm Học liệu Trường Đại học Cần Thơ |
|---|
| LEADER | 00498nam a2200193Ia 4500 | ||
|---|---|---|---|
| 001 | CTU_79001 | ||
| 008 | 210402s9999 xx 000 0 und d | ||
| 082 | |a 511 | ||
| 082 | |b R911 | ||
| 100 | |a Rucker, Rudy | ||
| 245 | 0 | |a Mind tools : | |
| 245 | 4 | |b The five levels of mathematical reality | |
| 245 | 0 | |c Rudy Rucker | |
| 260 | |a New York | ||
| 260 | |b Penguin Books | ||
| 260 | |c 1987 | ||
| 650 | |a Mathematics | ||
| 650 | |x Philosophy | ||
| 980 | |a Trung tâm Học liệu Trường Đại học Cần Thơ | ||